| 000 | 00899cab a22001935a 4500 | ||
|---|---|---|---|
| 001 | L152995 | ||
| 008 | 110523e20110520xxk 000 0 eng d | ||
| 035 | _a(Sirsi) u152995 | ||
| 041 | 0 | _aeng | |
| 100 | 1 | _aThomas, Daniel | |
| 245 | 0 | 4 | _aThe long, unwinding road |
| 260 | _c2011 | ||
| 490 | 0 |
_aProperty Week _v77(20) 20 May 2011, 32-35(4) |
|
| 520 | _aDe Montfort University's authoritative annual bank lending report for the year to 31 December 2010 estimates the total debt secured by UK commercial property to be £290bn. Records the first ever annual drop in outstanding debt by nearly 10% and believes that the industry has reached a considered view on the workout of problem loans. Tables and graphs summarise the findings of the survey. | ||
| 590 | _aKA | ||
| 651 | 4 |
_aUnited Kingdom _y |
|
| 690 | _aPROPERTY-COMMERCIAL PROPERTY-COMMERCIAL PROPERTY FINANCE AND INVESTMENT | ||
| 942 | _n0 | ||
| 999 |
_c83156 _d83156 |
||